[Event "SVK-chT4 A21 2122"]
[Site "Slovakia"]
[Date "2022.05.01"]
[Round "5.1"]
[White "Kocak, Branislav"]
[Black "Vogl, Zdenek"]
[Result "1-0"]
[WhiteElo "1885"]
[BlackElo "1845"]
[PlyCount "173"]
[EventDate "2021.10.17"]
[EventType "team-tourn"]
[EventRounds "11"]
[EventCountry "SVK"]
[SourceTitle "EXT 2024"]
[Source "ChessBase"]
[SourceDate "2023.10.10"]
[SourceVersion "1"]
[SourceVersionDate "2023.10.10"]
[SourceQuality "1"]
[WhiteTeam "Gbely Nafta II"]
[BlackTeam "Skalica II"]
[WhiteTeamCountry "SVK"]
[BlackTeamCountry "SVK"]

1. c4 e5 2. Nc3 Nc6 3. Nf3 Nf6 4. d4 exd4 5. Nxd4 Nxd4 6. Qxd4 d6 7. g3 Be7 8. Bg2 0-0 9. 0-0 a6 10. b3 Nd7 11. Nd5 Bf6 12. Nxf6+ Qxf6 13. Bb2 Qxd4 14. Bxd4 Ne5 15. Rfd1 Nc6 16. Bc3 Be6 17. Rac1 Rab8 18. Rd2 Rfe8 19. e3 Ne5 20. c5 Red8 21. cxd6 cxd6 22. Bxe5 dxe5 23. Rxd8+ Rxd8 24. Bxb7 a5 25. Kg2 Rd2 26. Rc5 Rxa2 27. Rxe5 Kf8 28. Bd5 Bxd5+ 29. Rxd5 Ra3 30. Rb5 a4 31. bxa4 Rxa4 32. Rb7 g6 33. h4 Kg7 34. Kf3 Kf6 35. Rd7 Ke6 36. Rd4 Ra2 37. g4 h6 38. g5 hxg5 39. hxg5 Kf5 40. Rf4+ Kxg5 41. Rxf7 Ra4 42. Rd7 Ra2 43. Kg3 Ra1 44. Rd5+ Kf6 45. Rd4 g5 46. Rd5 Rg1+ 47. Kh2 Rf1 48. Kg2 Ra1 49. e4 Re1 50. Kf3 Rg1 51. Rf5+ Kg6 52. Rf8 Ra1 53. Kg2 Ra4 54. f3 Ra2+ 55. Kg3 Ra1 56. Rf5 Rg1+ 57. Kf2 Ra1 58. Rd5 Kf6 59. Rd6+ Ke5 60. Rd5+ Kf6 61. Rf5+ Kg6 62. Kg2 Rb1 63. Rf8 Ra1 64. Kf2 Rb1 65. f4 gxf4 66. Rxf4 Rb3 67. e5 Rb6 68. Ke3 Rb3+ 69. Ke4 Rb4+ 70. Kf3 Rb3+ 71. Kg4 Rb6 72. Rd4 Ra6 73. Kf4 Rb6 74. Ke4 Rb1 75. Rd2 Re1+ 76. Kd5 Ra1 77. Ke6 Ra5 78. Rd8 Ra6+ 79. Rd6 Ra3 80. Ke7+ Kf5 81. e6 Ra7+ 82. Rd7 Ra5 83. Kf7 Ra6 84. Rd5+ Kf4 85. Rb5 Ke4 86. e7 Ra7 87. Kf8 1-0

[Event "SVK-chT3A2 1819"]
[Site "Slovakia"]
[Date "2018.11.25"]
[Round "4.5"]
[White "Kocak, Branislav"]
[Black "Babirat, Michal"]
[Result "1/2-1/2"]
[WhiteElo "1878"]
[BlackElo "1834"]
[PlyCount "91"]
[EventDate "2018.10.07"]
[EventType "team-tourn"]
[EventRounds "11"]
[EventCountry "SVK"]
[SourceTitle "EXT 2020"]
[Source "ChessBase"]
[SourceDate "2019.10.17"]
[SourceVersion "1"]
[SourceVersionDate "2019.10.17"]
[SourceQuality "1"]
[WhiteTeam "Gbely Nafta II"]
[BlackTeam "Trnava Lokomotiva III"]
[WhiteTeamCountry "SVK"]
[BlackTeamCountry "SVK"]

1. Nf3 Nf6 2. c4 g6 3. Nc3 Bg7 4. d4 0-0 5. e4 d6 6. Be2 Nbd7 7. h3 e5 8. dxe5 Nxe5 9. Nxe5 dxe5 10. 0-0 Be6 11. Be3 c6 12. Qxd8 Rfxd8 13. Rfd1 b6 14. g4 Ne8 15. a3 Bf8 16. Kg2 Be7 17. f3 Rab8 18. Rac1 f6 19. f4 Nd6 20. b3 Nb7 21. b4 Nd6 22. c5 Nc4 23. Bxc4 Bxc4 24. cxb6 axb6 25. fxe5 fxe5 26. Rxd8+ Bxd8 27. Nd1 Bd3 28. Nf2 Bb5 29. Rd1 Bc7 30. Bc1 Rd8 31. Rxd8+ Bxd8 32. Kf3 Kf7 33. Be3 Ke6 34. Nd1 Bf1 35. Kg3 Bd3 36. Nc3 Bc2 37. g5 Kd7 38. Kf3 Bb3 39. Ke2 Kc7 40. Kd3 Kb7 41. Nb1 Be7 42. Kc3 Be6 43. h4 Ka6 44. Nd2 Kb5 45. Nb3 Bd6 46. Nd2 1/2-1/2

[Event "SVK-chT4 A21 1819"]
[Site "Slovakia"]
[Date "2018.11.11"]
[Round "3.1"]
[White "Cerovsky, Marian"]
[Black "Kocak, Branislav"]
[Result "1/2-1/2"]
[WhiteElo "1805"]
[BlackElo "1883"]
[PlyCount "64"]
[EventDate "2018.10.14"]
[EventType "team-tourn"]
[EventRounds "11"]
[EventCountry "SVK"]
[SourceTitle "CBM 189 Extra"]
[Source "ChessBase"]
[SourceDate "2019.06.03"]
[SourceVersion "1"]
[SourceVersionDate "2019.06.03"]
[SourceQuality "1"]
[WhiteTeam "Kopcany"]
[BlackTeam "Gbely Nafta III"]
[WhiteTeamCountry "SVK"]
[BlackTeamCountry "SVK"]

1. e4 c5 2. Nf3 d6 3. h3 a6 4. a4 Nf6 5. Nc3 Nc6 6. Bc4 e6 7. d3 Be7 8. 0-0 0-0 9. Nh2 d5 10. exd5 exd5 11. Bb3 Nd4 12. Ba2 Be6 13. Ne2 Nc6 14. c3 b5 15. Bb1 Nd7 16. Nf4 Bd6 17. Nxe6 fxe6 18. Qg4 Qf6 19. Bg5 Qf5 20. Qh4 d4 21. Nf3 Nde5 22. Nxe5 Bxe5 23. Bd2 b4 24. cxb4 Nxb4 25. Bxb4 cxb4 26. Ba2 Bf6 27. Qg3 Kh8 28. Rae1 e5 29. Bc4 a5 30. b3 Rac8 31. Re4 Rc5 32. Rfe1 g5 1/2-1/2

[Event "SVK-chT4 A21 1617"]
[Site "Slovakia"]
[Date "2016.12.18"]
[Round "6.2"]
[White "Slaba, Andrea"]
[Black "Kocak, Branislav"]
[Result "1/2-1/2"]
[WhiteElo "1821"]
[BlackElo "1879"]
[PlyCount "65"]
[EventDate "2016.10.09"]
[EventType "team-tourn"]
[EventRounds "11"]
[EventCountry "SVK"]
[SourceTitle "EXT 2018"]
[Source "ChessBase"]
[SourceDate "2017.10.13"]
[SourceVersion "1"]
[SourceVersionDate "2017.10.13"]
[SourceQuality "1"]
[WhiteTeam "Chtelnica Kamenar"]
[BlackTeam "Gbely Nafta III"]
[WhiteTeamCountry "SVK"]
[BlackTeamCountry "SVK"]

1. Nf3 Nf6 2. c4 c5 3. g3 g6 4. Bg2 Bg7 5. 0-0 0-0 6. d4 cxd4 7. Nxd4 Nc6 8. e3 a6 9. Nc3 Qc7 10. b3 d6 11. Bb2 Bd7 12. Rc1 Qd8 13. Qd2 Nxd4 14. Qxd4 Bc6 15. Nd5 Nh5 16. Qd2 Bxd5 17. Bxd5 Bxb2 18. Qxb2 Qb6 19. Qd4 Qxd4 20. exd4 Rab8 21. Bg2 Rfc8 22. c5 dxc5 23. dxc5 Rc7 24. c6 bxc6 25. Rxc6 Rxc6 26. Bxc6 Rb6 27. Bf3 Ng7 28. Rc1 Nf5 29. Bg4 Nd4 30. Rc8+ Kg7 31. Ra8 e6 32. Rd8 Nb5 33. Rd2 1/2-1/2

[Event "SVK-chT3A2 1516"]
[Site "Slovakia"]
[Date "2016.02.21"]
[Round "8.2"]
[White "Kocak, Branislav"]
[Black "Vogl, Zdenek"]
[Result "0-1"]
[WhiteElo "1899"]
[BlackElo "1906"]
[PlyCount "92"]
[EventDate "2015.10.11"]
[EventType "team-tourn"]
[EventRounds "11"]
[EventCountry "SVK"]
[SourceTitle "EXT 2020"]
[Source "ChessBase"]
[SourceDate "2019.10.17"]
[SourceVersion "1"]
[SourceVersionDate "2019.10.17"]
[SourceQuality "1"]
[WhiteTeam "Gbely Nafta"]
[BlackTeam "Skalica II"]
[WhiteTeamCountry "SVK"]
[BlackTeamCountry "SVK"]

1. d4 Nf6 2. Nf3 e6 3. c4 b6 4. Bg5 Be7 5. e3 Bb7 6. Nc3 h6 7. Bh4 0-0 8. a3 d6 9. h3 Ne4 10. Bxe7 Qxe7 11. Nxe4 Bxe4 12. Bd3 f5 13. Qe2 Nd7 14. Bxe4 fxe4 15. Nd2 d5 16. 0-0-0 c5 17. f4 cxd4 18. exd4 Rxf4 19. Rhf1 Rxf1 20. Rxf1 Rc8 21. Kb1 Rf8 22. Rxf8+ Qxf8 23. Qe3 Nb8 24. b4 Nc6 25. b5 Ne7 26. g4 g5 27. c5 Qf4 28. Qxf4 gxf4 29. Kc1 Kf7 30. Kd1 Kf6 31. h4 e5 32. Nb3 exd4 33. cxb6 axb6 34. Nxd4 f3 35. Kd2 Ng6 36. Nf5 h5 37. Ne3 d4 38. g5+ Ke6 39. Nf1 Nxh4 40. Ng3 e3+ 41. Kd3 f2 42. Ke2 Nf5 43. Nxh5 d3+ 44. Kf1 d2 45. Nf4+ Kd6 46. Ke2 Ng3+ 0-1

[Event "SVK-chT4 A21 1516"]
[Site "Slovakia"]
[Date "2016.02.07"]
[Round "8.1"]
[White "Kocak, Branislav"]
[Black "Sobek, Michal"]
[Result "1/2-1/2"]
[WhiteElo "1890"]
[BlackElo "1898"]
[PlyCount "70"]
[EventDate "2015.10.04"]
[EventType "team-tourn"]
[EventRounds "11"]
[EventCountry "SVK"]
[SourceTitle "EXT 2017"]
[Source "ChessBase"]
[SourceDate "2016.10.25"]
[SourceVersion "1"]
[SourceVersionDate "2016.10.25"]
[SourceQuality "1"]
[WhiteTeam "Gbely Nafta III"]
[BlackTeam "Stefanov"]
[WhiteTeamCountry "SVK"]
[BlackTeamCountry "SVK"]

1. d4 d5 2. Nf3 Nf6 3. Bf4 Bf5 4. e3 e6 5. Bd3 Bg6 6. Ne5 Nh5 7. Bg3 Nd7 8. Qe2 c5 9. Bb5 Nhf6 10. Bh4 Qa5+ 11. Nc3 a6 12. Bxd7+ Nxd7 13. Nxd7 Kxd7 14. 0-0 c4 15. e4 Bd6 16. Qf3 Kc6 17. a3 dxe4 18. Nxe4 Qf5 19. Qxf5 Bxf5 20. Nxd6 Kxd6 21. c3 Kd5 22. Rfe1 f6 23. Bg3 g5 24. f3 h5 25. h4 g4 26. fxg4 Bxg4 27. Rf1 Bf5 28. Rae1 Rhg8 29. Bf4 Rae8 30. g3 Rc8 31. Re3 Kc6 32. Kh2 Kb5 33. Bd6 Rg7 34. d5 Bd3 35. Rxf6 exd5 1/2-1/2

[Event "SVK-chT4 A21 1516"]
[Site "Slovakia"]
[Date "2015.11.22"]
[Round "4.5"]
[White "Hrubsa, Marian"]
[Black "Kocak, Branislav"]
[Result "0-1"]
[WhiteElo "1814"]
[BlackElo "1899"]
[PlyCount "134"]
[EventDate "2015.10.04"]
[EventType "team-tourn"]
[EventRounds "11"]
[EventCountry "SVK"]
[SourceTitle "CBM 170 Extra"]
[Source "ChessBase"]
[SourceDate "2016.02.25"]
[SourceVersion "1"]
[SourceVersionDate "2016.02.25"]
[SourceQuality "1"]
[WhiteTeam "Skalica III"]
[BlackTeam "Gbely Nafta III"]
[WhiteTeamCountry "SVK"]
[BlackTeamCountry "SVK"]

1. e4 c5 2. Nf3 d6 3. d4 cxd4 4. Nxd4 Nf6 5. Nc3 a6 6. Be2 e5 7. Nb3 Be6 8. f4 Qc7 9. Be3 Nbd7 10. g4 exf4 11. Bxf4 Ne5 12. g5 Nfd7 13. Qd2 b5 14. Nd5 Bxd5 15. exd5 Rc8 16. 0-0-0 Be7 17. h4 Nc5 18. Nxc5 Qxc5 19. Be3 Qc7 20. Bd4 f6 21. Bxe5 dxe5 22. Bg4 Rd8 23. Be6 Rd6 24. Qe2 fxg5 25. Qxe5 Bf6 26. Qe3 gxh4 27. Rhe1 Kd8 28. Qh3 Qc4 29. Kb1 Re8 30. Bf7 Re4 31. Rxe4 Qxe4 32. Qa3 Ke7 33. Be6 Qe2 34. Rc1 Bg5 35. Rg1 Bf6 36. Qc5 Qe5 37. Qc7+ Ke8 38. Qf7+ Kd8 39. Qf8+ Kc7 40. Qc8+ Kb6 41. Qb8+ Ka5 42. Qc7+ Rb6 43. Qxe5 Bxe5 44. c3 Rd6 45. Re1 Bg3 46. Rh1 Rd8 47. Rf1 h3 48. Bxh3 Rxd5 49. Kc2 Kb6 50. Rf8 Rh5 51. Bg4 Rh2+ 52. Kb3 a5 53. a3 h5 54. Bd7 Rd2 55. Rf7 Be5 56. Bc8 a4+ 57. Ka2 Bxc3 58. Kb1 Rxb2+ 59. Kc1 Ra2 60. Rb7+ Kc6 61. Rf7 Rxa3 62. Bd7+ Kb6 63. Rf5 Rb3 64. Be6 Rb4 65. Rxh5 a3 66. Kc2 Bf6 67. Bb3 a2 0-1

[Event "SVK-chT4 A21 1516"]
[Site "Slovakia"]
[Date "2015.10.18"]
[Round "2.6"]
[White "Vagovic, Milan"]
[Black "Kocak, Branislav"]
[Result "0-1"]
[WhiteElo "1620"]
[BlackElo "1899"]
[PlyCount "94"]
[EventDate "2015.10.04"]
[EventType "team-tourn"]
[EventRounds "11"]
[EventCountry "SVK"]
[SourceTitle "CBM 170 Extra"]
[Source "ChessBase"]
[SourceDate "2016.02.25"]
[SourceVersion "1"]
[SourceVersionDate "2016.02.25"]
[SourceQuality "1"]
[WhiteTeam "Chtelnica Kamenar"]
[BlackTeam "Gbely Nafta III"]
[WhiteTeamCountry "SVK"]
[BlackTeamCountry "SVK"]

1. d4 d5 2. c4 e6 3. Nc3 Nf6 4. Bg5 Nbd7 5. Nf3 Be7 6. e3 0-0 7. Bd3 b6 8. Qc2 h6 9. Bf4 Bb7 10. cxd5 exd5 11. 0-0 c5 12. dxc5 Nxc5 13. Bf5 Bc8 14. Ne5 Bxf5 15. Qxf5 Qc8 16. Qc2 Nce4 17. Rac1 Qb7 18. Rfd1 Rfd8 19. Qe2 Rac8 20. Nb5 Rxc1 21. Rxc1 Rc8 22. Qd1 a6 23. Nd4 Rxc1 24. Qxc1 Nh5 25. Ne2 Nxf4 26. Nxf4 Bf6 27. Ng4 Bg5 28. Nd3 Be7 29. a3 Nc5 30. Nf4 Bg5 31. Nh3 Be7 32. Qd1 Nd7 33. f3 Nf6 34. Ngf2 Bc5 35. b4 Bxe3 36. Qd3 Bxf2+ 37. Nxf2 Qc6 38. g3 b5 39. Kg2 Qc4 40. Qf5 d4 41. Qd3 Nd5 42. Qe4 Ne3+ 43. Kh3 Qf1+ 44. Kh4 Qxf2 45. h3 Qc2 46. Qe8+ Kh7 47. Qxf7 Qf5 0-1

[Event "SVK-chT3A2 1415"]
[Site "Slovakia"]
[Date "2014.12.14"]
[Round "5.4"]
[White "Kahanec, Jan"]
[Black "Kocak, Branislav"]
[Result "0-1"]
[WhiteElo "1691"]
[BlackElo "1912"]
[PlyCount "116"]
[EventDate "2014.10.19"]
[EventType "team-tourn"]
[EventRounds "11"]
[EventCountry "SVK"]
[SourceTitle "EXT 2019"]
[Source "ChessBase"]
[SourceDate "2018.10.10"]
[SourceVersion "1"]
[SourceVersionDate "2018.10.10"]
[SourceQuality "1"]

1. e4 c5 2. Nc3 d6 3. d3 Nc6 4. Be3 g6 5. a3 Bg7 6. Qd2 Nf6 7. h3 Bd7 8. Nf3 Qa5 9. Be2 0-0 10. 0-0 a6 11. Bh6 Nd4 12. Bxg7 Kxg7 13. Rfe1 e5 14. Kh1 b5 15. Qd1 b4 16. axb4 Qxb4 17. Qc1 Rfb8 18. Rb1 a5 19. Nd5 Nxd5 20. exd5 Qb7 21. Nxd4 cxd4 22. b3 Qb4 23. f4 Ra7 24. fxe5 dxe5 25. Bf3 f6 26. Qd1 Rc7 27. Qe2 Rbc8 28. Rbc1 Rxc2 29. Rxc2 Rxc2 30. Qxc2 Qxe1+ 31. Kh2 Qc3 32. Qd1 Qc5 33. g4 Be8 34. Qe2 Bf7 35. Qe4 Qb4 36. g5 Qd2+ 37. Bg2 Qf4+ 38. Qxf4 exf4 39. h4 fxg5 40. hxg5 Kf8 41. Kh3 Ke7 42. Kg4 Kd6 43. Kxf4 Bxd5 44. Bxd5 Kxd5 45. Kf3 Ke5 46. Kg4 Ke6 47. Kf4 Kd5 48. Kf3 Kc5 49. Ke4 Kb4 50. Kxd4 Kxb3 51. Ke5 a4 52. d4 a3 53. d5 a2 54. d6 a1Q+ 55. Ke6 Qa6 56. Ke7 Qe2+ 57. Kf7 Qd3 58. Ke7 Qe4+ 0-1

[Event "SVK-chT3A2 1213"]
[Site "Slovakia"]
[Date "2013.03.10"]
[Round "10.3"]
[White "Palka, Miroslav"]
[Black "Kocak, Branislav"]
[Result "0-1"]
[WhiteElo "1924"]
[BlackElo "1891"]
[PlyCount "80"]
[EventDate "2012.10.07"]
[EventType "team-tourn"]
[EventRounds "11"]
[EventCountry "SVK"]
[SourceTitle "EXT 2015"]
[Source "ChessBase"]
[SourceDate "2014.11.20"]
[SourceVersion "1"]
[SourceVersionDate "2014.11.20"]
[SourceQuality "1"]
[WhiteTeam "Senica SK"]
[BlackTeam "Gbely Nafta"]
[WhiteTeamCountry "SVK"]
[BlackTeamCountry "SVK"]

1. c4 g6 2. Nc3 Bg7 3. e4 d6 4. d4 Nf6 5. f3 0-0 6. Be3 e5 7. dxe5 dxe5 8. Qxd8 Rxd8 9. Nb5 Na6 10. Nxa7 Nb4 11. Rc1 Nxa2 12. Nxc8 Nxc1 13. Ne7+ Kf8 14. Nxg6+ hxg6 15. Bxc1 Ra1 16. Ne2 Nd7 17. Kf2 Nc5 18. Bg5 f6 19. Be3 Nd3+ 20. Kg3 Nxb2 21. Nc3 c6 22. Rg1 Ke8 23. Be2 Rxg1 24. Bxg1 Bf8 25. Be3 Bb4 26. Na2 Bd2 27. Bc5 Nd3 28. Bb6 Rd7 29. Kg4 Nf4 30. Bf1 Rh7 31. g3 Ne6 32. Bg1 Nd4 33. f4 b6 34. Bd3 Ra7 35. Bb1 b5 36. cxb5 cxb5 37. Bxd4 exd4 38. e5 Ke7 39. exf6+ Kxf6 40. Kf3 b4 0-1

[Event "SVK-chT3A2 1213"]
[Site "Slovakia"]
[Date "2013.01.13"]
[Round "6.1"]
[White "Kocak, Branislav"]
[Black "Spacek, Marcel"]
[Result "1/2-1/2"]
[WhiteElo "1891"]
[BlackElo "1846"]
[PlyCount "106"]
[EventDate "2012.10.07"]
[EventType "team-tourn"]
[EventRounds "11"]
[EventCountry "SVK"]
[SourceTitle "EXT 2015"]
[Source "ChessBase"]
[SourceDate "2014.11.20"]
[SourceVersion "1"]
[SourceVersionDate "2014.11.20"]
[SourceQuality "1"]
[WhiteTeam "Gbely Nafta"]
[BlackTeam "Senica CVC"]
[WhiteTeamCountry "SVK"]
[BlackTeamCountry "SVK"]

1. d4 Nf6 2. c4 g6 3. Nc3 Bg7 4. e4 d6 5. f4 0-0 6. Nf3 c5 7. d5 Na6 8. Be2 Nc7 9. 0-0 Bd7 10. Qc2 Rb8 11. Bd2 a6 12. a4 b5 13. axb5 axb5 14. Nxb5 Nxb5 15. cxb5 Bxb5 16. Bc3 Nd7 17. Rfe1 Qe8 18. e5 dxe5 19. fxe5 Nb6 20. Bxb5 Qxb5 21. Red1 Nc4 22. Qe4 Nxb2 23. Bxb2 Qxb2 24. Rab1 Qa2 25. Ra1 Qb3 26. Rab1 Qc3 27. d6 exd6 28. exd6 Rxb1 29. Rxb1 Qf6 30. d7 Qd6 31. Qe8 Bf6 32. Re1 Kg7 33. h3 c4 34. Ne5 c3 35. Ng4 Bg5 36. Qe5+ Qxe5 37. Nxe5 c2 38. Nc6 f5 39. Kf1 c1Q 40. Rxc1 Bxc1 41. d8Q Rxd8 42. Nxd8 Kf6 43. Ke2 g5 44. Kf3 h5 45. Nc6 Bb2 46. Nb4 g4+ 47. hxg4 hxg4+ 48. Kf2 f4 49. Nd3 Bd4+ 50. Kf1 Kf5 51. Nb4 Ke4 52. Ke2 g3 53. Nd3 Ba7 1/2-1/2

[Event "SVK-chT3A2 1213"]
[Site "Slovakia"]
[Date "2012.11.18"]
[Round "4.2"]
[White "Kocak, Branislav"]
[Black "Liptak, Tomas"]
[Result "1-0"]
[WhiteElo "1891"]
[BlackElo "2082"]
[PlyCount "39"]
[EventDate "2012.10.07"]
[EventType "team-tourn"]
[EventRounds "11"]
[EventCountry "SVK"]
[SourceTitle "EXT 2015"]
[Source "ChessBase"]
[SourceDate "2014.11.20"]
[SourceVersion "1"]
[SourceVersionDate "2014.11.20"]
[SourceQuality "1"]
[WhiteTeam "Gbely Nafta"]
[BlackTeam "Cifer"]
[WhiteTeamCountry "SVK"]
[BlackTeamCountry "SVK"]

1. d4 f5 2. e4 fxe4 3. Nc3 Nf6 4. Bg5 c6 5. f3 exf3 6. Nxf3 e6 7. Ne5 Bb4 8. Bd3 0-0 9. 0-0 Bxc3 10. bxc3 Qe8 11. Qe1 Qh5 12. Qg3 Kh8 13. Rf4 d6 14. Ng6+ hxg6 15. Rh4 e5 16. Bxg6 Qxh4 17. Qxh4+ Kg8 18. Rf1 Nbd7 19. Rf3 Nb6 20. Bxf6 1-0

[Event "SVK-chT3A2 1213"]
[Site "Slovakia"]
[Date "2012.10.21"]
[Round "2.3"]
[White "Darazs, Zoltan"]
[Black "Kocak, Branislav"]
[Result "1-0"]
[WhiteElo "2124"]
[BlackElo "1891"]
[PlyCount "73"]
[EventDate "2012.10.07"]
[EventType "team-tourn"]
[EventRounds "11"]
[EventCountry "SVK"]
[SourceTitle "EXT 2015"]
[Source "ChessBase"]
[SourceDate "2014.11.20"]
[SourceVersion "1"]
[SourceVersionDate "2014.11.20"]
[SourceQuality "1"]
[WhiteTeam "Potonska Veza"]
[BlackTeam "Gbely Nafta"]
[WhiteTeamCountry "SVK"]
[BlackTeamCountry "SVK"]

1. e4 c5 2. Nf3 a6 3. c3 d5 4. exd5 Qxd5 5. d4 Nf6 6. Be2 e6 7. 0-0 Nc6 8. Re1 Be7 9. Be3 cxd4 10. cxd4 0-0 11. Nc3 Qd8 12. Ne5 Nb4 13. Bf3 Nbd5 14. Bg5 h6 15. Bh4 Re8 16. Qb3 Nxc3 17. bxc3 Qc7 18. Bg3 Bd6 19. c4 Qe7 20. Rab1 Rb8 21. Qa4 g5 22. Ng4 Rd8 23. Bxd6 Rxd6 24. c5 Rd8 25. Nxh6+ Kf8 26. Nf5 Qd7 27. c6 Qc7 28. Qa3+ Kg8 29. Qe7 Ne8 30. Qxg5+ Kf8 31. Qh6+ Kg8 32. Re4 exf5 33. Rh4 f6 34. Qh8+ Kf7 35. Rh7+ Ke6 36. Re1+ Kd6 37. Qf8+ 1-0

[Event "SVK-chT3A2 0910"]
[Site "Slovakia"]
[Date "2009.12.13"]
[Round "5.3"]
[White "Kocak, Branislav"]
[Black "Palka, Martin"]
[Result "1/2-1/2"]
[WhiteElo "1934"]
[BlackElo "1889"]
[PlyCount "46"]
[EventDate "2009.10.18"]
[EventType "team-tourn"]
[EventRounds "11"]
[EventCountry "SVK"]
[SourceTitle "EXT 2011"]
[Source "ChessBase"]
[SourceDate "2010.11.26"]
[SourceVersion "1"]
[SourceVersionDate "2010.11.26"]
[SourceQuality "1"]
[WhiteTeam "Gbely"]
[BlackTeam "Senica"]
[WhiteTeamCountry "SVK"]
[BlackTeamCountry "SVK"]

1. d4 d5 2. c4 c6 3. Nc3 Nf6 4. Nf3 e6 5. Bg5 Nbd7 6. e3 h6 7. Bxf6 Qxf6 8. Bd3 g6 9. 0-0 Bg7 10. e4 dxe4 11. Nxe4 Qe7 12. Re1 0-0 13. Rc1 Nf6 14. Qe2 Rd8 15. Rcd1 Qc7 16. Nxf6+ Bxf6 17. Bb1 Bd7 18. Ne5 Be8 19. g3 c5 20. d5 exd5 21. cxd5 Bxe5 22. Qxe5 Qxe5 23. Rxe5 Rd6 1/2-1/2

[Event "SVK-chT3A2 0910"]
[Site "Slovakia"]
[Date "2009.11.29"]
[Round "4.3"]
[White "Kocak, Branislav"]
[Black "Mihalik, Anton"]
[Result "1/2-1/2"]
[WhiteElo "1934"]
[BlackElo "1961"]
[PlyCount "66"]
[EventDate "2009.10.18"]
[EventType "team-tourn"]
[EventRounds "11"]
[EventCountry "SVK"]
[SourceTitle "EXT 2011"]
[Source "ChessBase"]
[SourceDate "2010.11.26"]
[SourceVersion "1"]
[SourceVersionDate "2010.11.26"]
[SourceQuality "1"]
[WhiteTeam "Gbely"]
[BlackTeam "Piestany Kupele II"]
[WhiteTeamCountry "SVK"]
[BlackTeamCountry "SVK"]

1. d4 d5 2. c4 e6 3. Nf3 Nf6 4. Bg5 Be7 5. e3 Nbd7 6. Nc3 a6 7. a4 0-0 8. Bd3 dxc4 9. Bxc4 c5 10. 0-0 cxd4 11. exd4 Nb6 12. Bd3 Nbd5 13. Nxd5 Qxd5 14. Rc1 h6 15. Bh4 Qd8 16. Bg3 Bd6 17. Ne5 Qe7 18. Re1 Bd7 19. Qb3 Rab8 20. Nxd7 Qxd7 21. Be5 Qe7 22. Be2 Nd7 23. Bf3 b5 24. Rc6 Bxe5 25. dxe5 bxa4 26. Qxa4 Rb4 27. Qa3 Rfb8 28. Rxa6 Qc5 29. Ra8 Rxa8 30. Qxa8+ Kh7 31. Qc6 Qxc6 32. Bxc6 Nc5 33. Rb1 Nd3 1/2-1/2

[Event "SVK-chT3A2 0910"]
[Site "Slovakia"]
[Date "2009.10.24"]
[Round "2.3"]
[White "Diviak, Rastislav"]
[Black "Kocak, Branislav"]
[Result "0-1"]
[WhiteElo "2043"]
[BlackElo "1934"]
[PlyCount "80"]
[EventDate "2009.10.18"]
[EventType "team-tourn"]
[EventRounds "11"]
[EventCountry "SVK"]
[SourceTitle "EXT 2011"]
[Source "ChessBase"]
[SourceDate "2010.11.26"]
[SourceVersion "1"]
[SourceVersionDate "2010.11.26"]
[SourceQuality "1"]
[WhiteTeam "Osuske II"]
[BlackTeam "Gbely"]
[WhiteTeamCountry "SVK"]
[BlackTeamCountry "SVK"]

1. e4 c5 2. Nf3 d6 3. d4 cxd4 4. Nxd4 Nf6 5. Nc3 a6 6. Be2 e5 7. Nb3 Be6 8. 0-0 Be7 9. Be3 Nbd7 10. f4 exf4 11. Bxf4 Ne5 12. Qe1 0-0 13. Rd1 Qc7 14. Nd4 Bc4 15. Nf5 Rfe8 16. Qg3 Bf8 17. Bxc4 Qxc4 18. Bxe5 Rxe5 19. Nh6+ Kh8 20. Rxf6 gxh6 21. Rdf1 Rg5 22. Qf3 Bg7 23. Rxf7 Rg8 24. g3 b5 25. Nd5 Be5 26. Rf8 Rxf8 27. Qxf8+ Rg8 28. Qf5 Qxc2 29. Nf6 Rg7 30. Rf2 Bd4 31. Nh5 Qxf2+ 32. Qxf2 Bxf2+ 33. Kxf2 Rc7 34. Ke3 Kg8 35. Kd3 Kf7 36. Nf4 Rc1 37. h4 Rg1 38. Ne2 Ra1 39. a3 Ke7 40. Kc2 Rf1 0-1

[Event "SVK-chT3A2 0910"]
[Site "Slovakia"]
[Date "2009.10.18"]
[Round "1.4"]
[White "Kocak, Branislav"]
[Black "Liptak, Dusan"]
[Result "0-1"]
[WhiteElo "1934"]
[BlackElo "1916"]
[PlyCount "102"]
[EventDate "2009.10.18"]
[EventType "team-tourn"]
[EventRounds "11"]
[EventCountry "SVK"]
[SourceTitle "EXT 2011"]
[Source "ChessBase"]
[SourceDate "2010.11.26"]
[SourceVersion "1"]
[SourceVersionDate "2010.11.26"]
[SourceQuality "1"]
[WhiteTeam "Gbely"]
[BlackTeam "Cifer"]
[WhiteTeamCountry "SVK"]
[BlackTeamCountry "SVK"]

1. d4 Nf6 2. c4 g6 3. Nc3 d5 4. cxd5 Nxd5 5. e4 Nxc3 6. bxc3 Bg7 7. Bc4 c5 8. Ne2 0-0 9. 0-0 Nc6 10. Be3 Qc7 11. dxc5 Ne5 12. Bb3 Rd8 13. Qc2 Ng4 14. Bf4 Qxc5 15. h3 Nf6 16. Rad1 Bd7 17. Be3 Qa5 18. f3 Rac8 19. Rd3 Bb5 20. Rxd8+ Rxd8 21. c4 Be8 22. Rd1 Rc8 23. Qd2 Qa6 24. Nf4 e6 25. Qd6 Qxd6 26. Rxd6 Bf8 27. Rd1 Bc5 28. Bxc5 Rxc5 29. Rd8 Kf8 30. Nd3 Rc7 31. Ne5 Ke7 32. Rd1 Nd7 33. Nd3 Nc5 34. Nxc5 Rxc5 35. Kf2 a5 36. a4 Rc6 37. Ra1 Rb6 38. Ra3 Kd6 39. Bd1 Rb2+ 40. Kf1 Rb4 41. Rd3+ Kc7 42. Rc3 Bxa4 43. Be2 Bb3 44. Ke1 a4 45. Kd2 Kc6 46. Rc1 Kc5 47. g4 Bxc4 48. Bd1 Kd4 49. h4 Rb2+ 50. Ke1 a3 51. h5 a2 0-1

[Event "SVK-chT3A2 0809"]
[Site "Slovakia"]
[Date "2009.03.29"]
[Round "11.4"]
[White "Kollarik, Gorazd"]
[Black "Kocak, Branislav"]
[Result "1/2-1/2"]
[WhiteElo "1941"]
[BlackElo "1896"]
[PlyCount "47"]
[EventDate "2008.10.19"]
[EventType "team-tourn"]
[EventRounds "11"]
[EventCountry "SVK"]
[SourceTitle "EXT 2010"]
[Source "ChessBase"]
[SourceDate "2010.11.25"]
[SourceVersion "1"]
[SourceVersionDate "2010.11.25"]
[SourceQuality "1"]
[WhiteTeam "Hlohovec SK Zentiva III"]
[BlackTeam "Gbely Nafta"]
[WhiteTeamCountry "SVK"]
[BlackTeamCountry "SVK"]

1. e4 c5 2. Nf3 d6 3. d4 cxd4 4. Nxd4 Nf6 5. Nc3 a6 6. Be2 e5 7. Nb3 Be6 8. Be3 Be7 9. 0-0 Nbd7 10. f4 exf4 11. Bxf4 Ne5 12. Qd2 0-0 13. Rad1 Qc7 14. Nd5 Bxd5 15. exd5 Nfd7 16. c3 Bf6 17. Kh1 b5 18. Rc1 Nc4 19. Bxc4 bxc4 20. Nd4 Ne5 21. Bxe5 Bxe5 22. Nf3 Bf6 23. Rce1 Rfe8 24. Re2 1/2-1/2